000 00320nam a2200121Ia 4500
008 190216s9999||||xx |||||||||||||| ||und||
100 _aHarwood F Merrill & Elizabeth Marting
245 0 _aDeveloping Executive Skills
260 _bDb.Taraporevala Sons &co
_c1967
300 _a431p
650 _aCommerce
942 _cBK
999 _c4692
_d4692